[Event "Tournoi francophone 014 Groupe D"]
[Site "Skype"]
[Date "????.??.??"]
[Round "6.5"]
[White "Malbec, Robert"]
[Black "Amato, Ludovica"]
[Result "0-1"]
[WhiteElo "1214"]
[BlackElo "1346"]
[PlyCount "106"]

1. e4 e5 2. Nf3 Nf6 3. Nxe5 d6 4. Nf3 Nxe4 5. Qe2 Qe7 6. d3 Nf6 7. Bg5 Qxe2+ 8.
Bxe2 Be7 9. h3 O-O 10. O-O h6 11. Bh4 Bf5 12. Nbd2 Nc6 13. Rfe1 Rfe8 14. a3 Nd5
15. Bg3 Bf6 16. c3 Ne5 17. d4 Nd3 18. Bxd3 Bxd3 19. Rxe8+ Rxe8 20. Re1 Kf8 21.
Bh2 Nb6 22. b3 Re2 23. Rxe2 Bxe2 24. c4 Ke7 25. Bf4 c5 26. d5 Bb2 27. a4 Bd1
28. Ne1 Bc1 29. a5 Nc8 30. Nef3 Bxb3 31. Be3 Bd1 32. Ne1 Bb2 33. Nb1 Bh5 34.
Bd2 Bg6 35. Nc3 a6 36. Na4 Ba3 37. g4 Kd7 38. f4 f5 39. Bc3 fxg4 40. hxg4 h5
41. gxh5 Bxh5 42. Bxg7 Bb4 43. Nb6+ Nxb6 44. axb6 Bxe1 45. f5 a5 46. Kf1 Bg3
47. Bc3 a4 48. Kg2 Bf4 49. Kh3 Bg5 50. f6 Ke8 51. Kg3 Kf7 52. Kh3 Bxf6 53. Bd2
a3 0-1

[Event "Tournoi francophone 014 Groupe D"]
[Site "Skype"]
[Date "????.??.??"]
[Round "7.1"]
[White "Amato, Ludovica"]
[Black "Le Bouill, Pierre"]
[Result "1/2-1/2"]
[WhiteElo "1346"]
[BlackElo "1252"]
[PlyCount "76"]

1. e4 d5 2. exd5 Qxd5 3. Nc3 Qd8 4. Nf3 Nf6 5. Bc4 e6 6. O-O Bd6 7. Re1 O-O 8.
d4 c6 9. Bg5 Nbd7 10. Ne4 Be7 11. Bf4 Nh5 12. Bd6 Bxd6 13. Nxd6 Nhf6 14. Qd2
Nb6 15. Nxc8 Rxc8 16. Bb3 Nbd5 17. c4 Nc7 18. Bc2 Re8 19. Rad1 g6 20. Qg5 Qe7
21. Nh4 Kg7 22. Nf5+ exf5 23. Rxe7 Rxe7 24. Bxf5 Rce8 25. Kf1 Ne6 26. Qg3 Nxd4
27. Bd3 Nh5 28. Qg5 Ne6 29. Qe5+ Nf6 30. g4 h6 31. h4 Nf8 32. Qc3 N8d7 33. g5
hxg5 34. hxg5 Re6 35. gxf6+ Nxf6 36. Qd4 a6 37. Bc2 Kf8 38. Qc5+ Kg7 1/2-1/2

[Event "Tournoi francophone 014 Groupe D"]
[Site "Skype"]
[Date "????.??.??"]
[Round "7.2"]
[White "Vincent, Andre"]
[Black "Malbec, Robert"]
[Result "0-1"]
[WhiteElo "1377"]
[BlackElo "1214"]
[PlyCount "94"]

1. Nf3 Nc6 2. g3 e5 3. Nc3 Nf6 4. d3 d5 5. Bg2 Bb4 6. O-O Bxc3 7. bxc3 O-O 8.
Re1 h6 9. e4 d4 10. cxd4 exd4 11. Bd2 Bg4 12. c3 a6 13. h3 Be6 14. c4 Qd7 15.
g4 Rab8 16. Bf4 h5 17. Ne5 Nxe5 18. Bxe5 Nh7 19. Qd2 hxg4 20. h4 b5 21. Rab1
Rb7 22. c5 Qe7 23. Bxd4 Qxh4 24. c6 Rbb8 25. Be5 Rbc8 26. Bg3 Qh5 27. e5 Ng5
28. Rb4 Nh3+ 29. Kf1 Rcd8 30. Re3 Bd5 31. Bxd5 Rxd5 32. Ree4 Ng5 33. Rxg4 Qh1+
34. Ke2 Qf3+ 35. Kf1 Qh1+ 36. Ke2 Nf3 37. Qd1 Qxd1+ 38. Kxd1 Rxd3+ 39. Ke2 Rfd8
40. e6 fxe6 41. Rb1 e5 42. Rh1 e4 43. Bxc7 Rf8 44. Bf4 Ra3 45. Rh6 Rxa2+ 46.
Kf1 Rc2 47. Rhg6 Rf7 0-1

[Event "Tournoi francophone 014 Groupe D"]
[Site "Skype"]
[Date "????.??.??"]
[Round "7.3"]
[White "Milanese, Serge"]
[Black "Rivalta, Paolo"]
[Result "1/2-1/2"]
[WhiteElo "1202"]
[BlackElo "1101"]
[PlyCount "85"]

1. d4 d5 2. Bf4 Nf6 3. e3 Bf5 4. Bd3 Bxd3 5. Qxd3 e6 6. Nf3 c5 7. c3 c4 8. Qc2
Be7 9. Nbd2 h6 10. h4 Bd6 11. Ne5 O-O 12. Qd1 Nbd7 13. Qf3 b5 14. a3 a5 15. Nb1
b4 16. axb4 Qc7 17. Nxd7 Qxd7 18. Be5 Bxe5 19. dxe5 Ne4 20. O-O axb4 21. Rxa8
Rxa8 22. Qe2 b3 23. Nd2 Nxd2 24. Qxd2 Qc7 25. f4 Qe7 26. Qf2 Ra2 27. g4 Qa7 28.
f5 Ra1 29. fxe6 Rxf1+ 30. Qxf1 fxe6 31. g5 Qxe3+ 32. Qf2 Qxe5 33. Qb6 Qg3+ 34.
Kf1 Qd3+ 35. Kg2 Qg6 36. Qb8+ Kh7 37. Qf4 hxg5 38. Qxg5 e5 39. Kf3 Qe4+ 40. Kg3
d4 41. Qh5+ Kg8 42. Qe8+ Kh7 43. Qh5+ 1/2-1/2

[Event "Tournoi francophone 014 Groupe D"]
[Site "Skype"]
[Date "????.??.??"]
[Round "7.4"]
[White "De Coninck, Philippe"]
[Black "Moumtaz, Abderrahim"]
[Result "1/2-1/2"]
[WhiteElo "1173"]
[BlackElo "1226"]
[PlyCount "119"]

1. e4 e5 2. f4 Bc5 3. Nf3 Nc6 4. Bb5 d6 5. Bxc6+ bxc6 6. d3 Bg4 7. Nbd2 Ne7 8.
fxe5 dxe5 9. Nb3 Bb6 10. c3 Ng6 11. d4 O-O 12. O-O exd4 13. cxd4 Ne5 14. Be3
Nxf3+ 15. gxf3 Bh3 16. Rf2 Qf6 17. Rc1 Rfe8 18. e5 Qg6+ 19. Kh1 Re6 20. Qg1
Qxg1+ 21. Rxg1 Rd8 22. Rg3 Bf5 23. Rfg2 g6 24. h4 h5 25. a4 a5 26. Rg5 Kh7 27.
Nc5 Bxc5 28. dxc5 Rd1+ 29. Rg1 Rd3 30. Bf4 Rxf3 31. Bh2 Rh3 32. Re1 Kh6 33. Rg3
Rxg3 34. Bxg3 Bc2 35. Bf4+ Kg7 36. Bd2 Bxa4 37. Bxa5 f6 38. Bxc7 Bb5 39. Kg2
fxe5 40. Rxe5 Kf6 41. Rxe6+ Kxe6 42. Kf3 Kf5 43. Bd8 Ke5 44. b4 Ke6 45. Kf4 Kf7
46. Kg5 Kg7 47. Bf6+ Kf7 48. Bc3 Bd3 49. Kf4 Ke6 50. Ke3 Bb5 51. Kd4 Kf5 52.
Be1 Kf6 53. Bd2 Kf5 54. Bg5 Kg4 55. Ke5 Bd3 56. Kd6 Bb5 57. Ke6 Kf3 58. Kf6 Bd3
59. Ke5 Ke2 60. Kd4 1/2-1/2

[Event "Tournoi francophone 014 Groupe D"]
[Site "Skype"]
[Date "????.??.??"]
[Round "7.5"]
[White "Tamditi, Ibrahim"]
[Black "Martin, Jean-Claude"]
[Result "1-0"]
[WhiteElo "1315"]
[BlackElo "1315"]
[PlyCount "33"]

1. e4 e5 2. Bc4 Nf6 3. d3 c6 4. Bg5 Be7 5. Bxf6 Bxf6 6. Nf3 b5 7. Bb3 d6 8. c4
Ba6 9. Nc3 b4 10. Ne2 c5 11. Ba4+ Nd7 12. Bc6 Rc8 13. Qa4 Bxc4 14. dxc4 a5 15.
Rd1 Be7 16. Nxe5 Rxc6 17. Nxc6 1-0

[Event "Tournoi francophone 014 Groupe D"]
[Site "Skype"]
[Date "????.??.??"]
[Round "8.1"]
[White "Le Bouill, Pierre"]
[Black "Martin, Jean-Claude"]
[Result "1-0"]
[WhiteElo "1252"]
[BlackElo "1315"]
[PlyCount "51"]

1. e4 e5 2. Nf3 Nc6 3. Bc4 Bc5 4. d3 Nf6 5. Ng5 d5 6. exd5 Nxd5 7. Nc3 Nxc3 8.
bxc3 O-O 9. O-O h6 10. Ne4 Qe7 11. Qe2 Bf5 12. Ng3 Be6 13. Bxe6 Qxe6 14. Be3
Bxe3 15. Qxe3 Rfe8 16. Ne4 Qe7 17. Rad1 Rad8 18. Rfe1 b6 19. Qf3 f6 20. Ng3 Rd6
21. Nf5 Qf7 22. Nxd6 cxd6 23. Qxc6 Qe6 24. c4 Qc8 25. Qxc8 Rxc8 26. f3 1-0

[Event "Tournoi francophone 014 Groupe D"]
[Site "Skype"]
[Date "????.??.??"]
[Round "8.2"]
[White "Moumtaz, Abderrahim"]
[Black "Tamditi, Ibrahim"]
[Result "1-0"]
[WhiteElo "1226"]
[BlackElo "1315"]
[PlyCount "31"]

1. d4 d5 2. c4 dxc4 3. e4 b5 4. Nc3 a6 5. Nf3 Bb7 6. Be2 Nf6 7. Qc2 Nc6 8. a3
Nxd4 9. Nxd4 Qxd4 10. Be3 Qe5 11. Bf3 e6 12. O-O Bd6 13. g3 h5 14. Bf4 Qc5 15.
Be3 Ng4 16. Bxc5 1-0

[Event "Tournoi francophone 014 Groupe D"]
[Site "Skype"]
[Date "????.??.??"]
[Round "8.3"]
[White "Rivalta, Paolo"]
[Black "De Coninck, Philippe"]
[Result "0-1"]
[WhiteElo "1101"]
[BlackElo "1173"]
[PlyCount "62"]

1. e4 b6 2. d4 Bb7 3. e5 e6 4. Nf3 d6 5. Bd3 Nd7 6. O-O Bxf3 7. Qxf3 dxe5 8.
dxe5 Nxe5 9. Qe4 Nxd3 10. cxd3 Nf6 11. Qc6+ Nd7 12. Nd2 Be7 13. Nf3 O-O 14. Bf4
Rc8 15. Rac1 Nb8 16. Bxc7 Nxc6 17. Bxd8 Rfxd8 18. Rfd1 Nb4 19. a3 Rxc1 20. Rxc1
Nxd3 21. Rc2 Nxb2 22. Kf1 Bxa3 23. Ne5 f6 24. Nc6 Rd7 25. f4 Nd3 26. Rd2 Bc1
27. Rd1 Bxf4 28. Nb4 Nc5 29. Re1 Bxh2 30. g4 Bf4 31. Ke2 Bd2 0-1

[Event "Tournoi francophone 014 Groupe D"]
[Site "Skype"]
[Date "????.??.??"]
[Round "8.4"]
[White "Malbec, Robert"]
[Black "Milanese, Serge"]
[Result "1-0"]
[WhiteElo "1214"]
[BlackElo "1202"]
[PlyCount "121"]

1. e4 e5 2. Nf3 Nc6 3. Bc4 Bc5 4. c3 Nf6 5. d4 exd4 6. cxd4 Bb4+ 7. Bd2 Bxd2+
8. Nbxd2 O-O 9. O-O d6 10. Re1 Be6 11. d5 Na5 12. dxe6 Nxc4 13. exf7+ Rxf7 14.
Nxc4 Re7 15. Ncd2 b6 16. Ng5 c6 17. Qb3+ d5 18. exd5 Nxd5 19. Rxe7 Qxe7 20.
Ngf3 Kf8 21. Re1 Qc5 22. Ne4 Qe7 23. Nc3 Qd7 24. Nxd5 cxd5 25. Rd1 Qf5 26. Qxd5
Qxd5 27. Rxd5 Rc8 28. Rd1 Rc2 29. Rb1 a5 30. g3 h6 31. h4 Kf7 32. Kf1 Kf6 33.
Ke1 Kg6 34. g4 Kf6 35. Nd4 Rc4 36. Rd1 Ke5 37. Nf5 Rxg4 38. Ne3 Rxh4 39. b3
Rh1+ 40. Ke2 Rxd1 41. Kxd1 Ke4 42. Nc4 Kd4 43. Nxb6 Kc3 44. Kc1 g5 45. Nd5+ Kd4
46. Ne3 h5 47. Kd2 h4 48. Ng4 Kc5 49. Kd3 Kd5 50. f3 h3 51. a3 Kc5 52. b4+ axb4
53. axb4+ Kxb4 54. Ke4 Kc5 55. Kf5 Kd5 56. Kxg5 Ke6 57. f4 Kf7 58. f5 Kg7 59.
f6+ Kf7 60. Kf5 Kf8 61. Kg6 1-0

[Event "Tournoi francophone 014 Groupe D"]
[Site "Skype"]
[Date "????.??.??"]
[Round "8.5"]
[White "Amato, Ludovica"]
[Black "Vincent, Andre"]
[Result "1-0"]
[WhiteElo "1346"]
[BlackElo "1377"]
[PlyCount "68"]

1. e4 c6 2. d4 d5 3. Nc3 dxe4 4. Nxe4 Bf5 5. Ng3 e6 6. Bc4 Nf6 7. Nf3 Bd6 8.
Qe2 O-O 9. Nxf5 exf5 10. O-O Re8 11. Qd3 Qd7 12. Bg5 Ne4 13. Rfe1 Na6 14. Bxa6
bxa6 15. Qxa6 h6 16. Bc1 c5 17. dxc5 Bxc5 18. Be3 Qc8 19. Qxc8 Raxc8 20. Bxc5
Rxc5 21. c3 f6 22. Re2 Rd5 23. Rae1 Kf7 24. Nd4 g6 25. f3 Rde5 26. fxe4 fxe4
27. Kf2 g5 28. Nc6 Rf5+ 29. Ke3 a6 30. Kd4 e3 31. Rxe3 Rf4+ 32. Re4 f5 33. Rxf4
gxf4 34. Rxe8 Kxe8 1-0

[Event "Tournoi francophone 014 Groupe D"]
[Site "Skype"]
[Date "????.??.??"]
[Round "9.1"]
[White "Vincent, Andre"]
[Black "Le Bouill, Pierre"]
[Result "1/2-1/2"]
[WhiteElo "1377"]
[BlackElo "1252"]
[PlyCount "70"]

1. c4 Nf6 2. g3 d5 3. Bg2 c6 4. Nf3 e6 5. O-O Be7 6. d4 dxc4 7. Ne5 Nbd7 8.
Nxc4 Nb6 9. Ne3 O-O 10. b3 Rb8 11. Bb2 Nfd5 12. Nxd5 Nxd5 13. e4 Nf6 14. e5 Nd5
15. a3 f6 16. f4 Ne3 17. Qd3 Nxf1 18. Kxf1 f5 19. Nd2 c5 20. Nf3 b6 21. h4 Bb7
22. Nd2 Bxg2+ 23. Kxg2 Rb7 24. Rh1 cxd4 25. b4 Rd7 26. Rc1 Qa8+ 27. Qf3 Qxf3+
28. Nxf3 d3 29. Nd2 b5 30. Kf3 a6 31. Rc6 Ra7 32. Ke3 Kf7 33. Kxd3 Rd8+ 34. Bd4
Rad7 35. Nb3 Ra8 1/2-1/2

[Event "Tournoi francophone 014 Groupe D"]
[Site "Skype"]
[Date "????.??.??"]
[Round "9.2"]
[White "Milanese, Serge"]
[Black "Amato, Ludovica"]
[Result "0-1"]
[WhiteElo "1202"]
[BlackElo "1346"]
[PlyCount "74"]

1. d4 d5 2. Bf4 c5 3. Nf3 Nf6 4. c3 Qb6 5. Qc2 g6 6. e3 Bf5 7. Qb3 c4 8. Qxb6
axb6 9. Be2 Nc6 10. Nbd2 Bg7 11. Ne5 Nxe5 12. Bxe5 O-O 13. O-O b5 14. a3 Nd7
15. Bxg7 Kxg7 16. h3 e5 17. dxe5 Nxe5 18. Nf3 Nxf3+ 19. Bxf3 Rfd8 20. g4 Be4
21. Bg2 Ra6 22. f4 Bxg2 23. Kxg2 Re6 24. Rfe1 Rde8 25. Kf2 h6 26. Rad1 Rd8 27.
Rd4 Re4 28. Red1 Rxd4 29. Rxd4 Kf6 30. e4 Ke6 31. Ke3 Rd7 32. h4 dxe4 33. g5
Rxd4 34. Kxd4 hxg5 35. hxg5 Kf5 36. Ke3 b6 37. a4 bxa4 0-1

[Event "Tournoi francophone 014 Groupe D"]
[Site "Skype"]
[Date "????.??.??"]
[Round "9.3"]
[White "De Coninck, Philippe"]
[Black "Malbec, Robert"]
[Result "1-0"]
[WhiteElo "1173"]
[BlackElo "1214"]
[PlyCount "43"]

1. e4 e5 2. f4 exf4 3. Nf3 Be7 4. h4 d6 5. d4 Nf6 6. Bd3 Nh5 7. Nc3 Bg4 8. Be2
Ng3 9. Rh2 Nxe2 10. Qxe2 Bxh4+ 11. Kd1 Bg5 12. Nd5 Nc6 13. c3 Ne7 14. Nxf4 Bxf4
15. Bxf4 Ng6 16. g3 Qd7 17. Rf2 O-O-O 18. Qc2 Qe7 19. Kd2 Rde8 20. Re1 Bxf3 21.
Rxf3 Qxe4 22. Rxe4 1-0

[Event "Tournoi francophone 014 Groupe D"]
[Site "Skype"]
[Date "????.??.??"]
[Round "9.4"]
[White "Tamditi, Ibrahim"]
[Black "Rivalta, Paolo"]
[Result "1-0"]
[WhiteElo "1315"]
[BlackElo "1101"]
[PlyCount "71"]

1. e4 e5 2. Bc4 Nf6 3. Nf3 Bc5 4. Nxe5 O-O 5. d4 Bd6 6. Bg5 h6 7. Bh4 b6 8.
Nxf7 Rxf7 9. Bxf7+ Kxf7 10. e5 Qe8 11. O-O g5 12. Bg3 Bxe5 13. Bxe5 Bb7 14. Re1
Qd8 15. Bxf6 Qxf6 16. Nc3 Nc6 17. Ne4 Qg6 18. Qf3+ Kg7 19. d5 Nd4 20. Qc3 Qf5
21. Qxd4+ Kg6 22. c4 Rf8 23. Re3 g4 24. Rf1 Ba6 25. f3 h5 26. b4 b5 27. Qxa7
Bc8 28. Qxc7 bxc4 29. Nd6 Qxd5 30. Nxc8 Qd4 31. Rfe1 c3 32. Qd6+ Qf6 33. Qxd7
c2 34. Re6 Rf7 35. Rxf6+ Rxf6 36. Qd3+ 1-0

[Event "Tournoi francophone 014 Groupe D"]
[Site "Skype"]
[Date "????.??.??"]
[Round "9.5"]
[White "Martin, Jean-Claude"]
[Black "Moumtaz, Abderrahim"]
[Result "0-1"]
[WhiteElo "1315"]
[BlackElo "1226"]
[PlyCount "74"]

1. d4 Nf6 2. c4 c6 3. Nc3 d5 4. Bg5 Bf5 5. e3 Nbd7 6. Bd3 Bxd3 7. Qxd3 e6 8.
cxd5 cxd5 9. Rc1 Be7 10. Nb5 Qa5+ 11. Kf1 O-O 12. a3 Rac8 13. Ne2 Rxc1+ 14.
Nxc1 Qb6 15. Ke2 a6 16. a4 axb5 17. Qxb5 Qxb5+ 18. axb5 Rc8 19. Kd3 Bd6 20. f4
Ne4 21. Bh4 Ndf6 22. Rf1 Rc4 23. h3 Rb4 24. b3 Rxb5 25. Kc2 Rb6 26. Kb2 Rc6 27.
Nd3 Nd7 28. Rc1 Rxc1 29. Kxc1 f6 30. b4 b6 31. Be1 Nf8 32. b5 Ng6 33. Bb4 Bxb4
34. Nxb4 Nf2 35. Kc2 Nh4 36. g3 Nf5 37. Kd2 Nxg3 0-1